|
|
|
|
| LEADER |
00000nab a2200000 a 4500 |
| 001 |
vtls000892980 |
| 003 |
SK-MaSNL |
| 005 |
20260302175443.0 |
| 008 |
040720e19950105xo 0 slo |
| 035 |
|
|
|a KE2016
|
| 040 |
|
|
|a KEVKJB
|b slo
|c KEVKJB
|e AACR2
|
| 041 |
0 |
|
|a slo
|
| 044 |
|
|
|a xo
|c SK
|
| 080 |
|
|
|a 327(437.671)
|2 1981
|
| 080 |
|
|
|a 929
|2 1981
|
| 100 |
1 |
|
|a Duchoň, Jozef
|4 aut
|9 317656
|
| 245 |
1 |
0 |
|a Otto von Habsburg
|b Muž, ktorý nám priniesol závan minulého sveta
|
| 590 |
|
|
|a Habsburg, Otto von
|b potomok posledného rakúsko-uhorského cisára
|
| 600 |
1 |
7 |
|a Habsburg, Otto von,
|d 1912-2011
|2 KEVKJB
|9 17638
|
| 650 |
0 |
7 |
|a návštevy zahraničné
|2 KEVKJB
|9 873759
|
| 650 |
0 |
7 |
|a priebeh návštevy
|2 KEVKJB
|9 885934
|
| 650 |
0 |
7 |
|a reportáže
|2 KEVKJB
|9 75670
|
| 651 |
|
7 |
|a KE,
|2 KEVKJB
|9 877256
|
| 651 |
|
7 |
|a KE,
|2 KEVKJB
|9 877256
|
| 655 |
|
7 |
|a periodikum
|2 snkbucl
|9 29553
|
| 773 |
0 |
8 |
|t Košický večer
|g Roč. 6
|g Roč. 28, č.4, 5.1.1995, s. 8
|
| 852 |
|
|
|a ZVYKNI
|b KIS3GCP
|
| 999 |
|
|
|c 1407119
|d 1409049
|